000
00265nam a22000857a 4500
008
161021b xxu||||| |||| 00| 0 eng d
100
_9
910
_a
Macbride.R.L.
245
_a
West From Home: Letters from Laura Fungalls Wilder
260
_a
Newyork
_b
Harper & Row Publications
_c
1974
999
_c
3564
_d
3564